MLB The Show Covers - Statistics

General Stats
  • This quiz has been taken 4,307 times
    352 since last reset
  • The average score is 12 of 21
Answer Stats
Year Player % Correct
2018, 2026 Aaron Judge
98%
2025 Paul Skenes
95%
2022 Shohei Ohtani
92%
2025 Gunnar Henderson
89%
2025 Elly De La Cruz
88%
2021 Fernando Tatís Jr.
80%
2024 Vladimir Guerrero Jr.
75%
2019 Bryce Harper
74%
2023 Jazz Chisholm Jr.
68%
2020 Javier Báez
65%
2017 Ken Griffey Jr.
53%
2010, 2011 Joe Mauer
51%
2016 Josh Donaldson
48%
2006 David Ortiz
46%
2014 Miguel Cabrera
36%
2008 Ryan Howard
28%
2015 Yasiel Puig
26%
2013 Andrew McCutchen
25%
2009 Dustin Pedroia
19%
2007 David Wright
14%
2012 Adrian Gonzalez
10%
No matching quizzes found
Score Distribution
Percent of People with Each Score
Percentile by Number Answered
Your Score History
You have not taken this quiz since the last reset